Logos With Initials Quiz Stats

 Plays Quiz Updated Jul 20, 2017

Support Sporcle.
Go Orange.
Score 0/20 Timer 04:00
3 Plays Today
Logo % Correct
Dunkin' Donuts
94.3%
Warner Bros.
93.8%
Cartoon Network
91.8%
Calvin Klein
90.7%
PlayStation
88.8%
Dairy Queen
85.5%
Baskin-Robbins
84.5%
Volkswagen
84.2%
General Motors
83.9%
New Balance
83.1%
Logo % Correct
General Electric
78.8%
Hewlett-Packard
71.1%
Rolls-Royce
67.4%
Louis Vuitton
65.6%
Jimmy John's
65.5%
Entertainment Tonight
60.4%
Milton Bradley
54.7%
Waste Management
54%
Electronic Arts
53.6%
Associated Press
48.9%

You're not logged in!

Compare scores with friends on all Sporcle quizzes.
OR
Log In
Forgot?

From the Vault

Periodic Table Letter Match

by goc3

Periodically, science and language mix together with perfect chemistry.
Remove Ads.
Support Sporcle.
Get the best of Sporcle when you Go Orange. This ad-free experience offers more features, more stats, and more fun while also helping to support Sporcle. Thank you for becoming a member.

Show Comments

Extras

Top Quizzes Today


Score Distribution

Your Account Isn't Verified!

In order to create a playlist on Sporcle, you need to verify the email address you used during registration. Go to your Sporcle Settings to finish the process.

Report this User

Report this user for behavior that violates our Community Guidelines.

Details: